000 00274nam a2200133Ia 4500
100 _aChoudhury/ Hajra
942 _cBK
654 _aWorkshop
245 _aWorkshop Technology
260 _bMPP Pvt Ltd
_aBombay
_c1980
300 _a657
546 _aENGLISH
999 _c19360
_d19360